00000000nam 2200000zi 4500
0019.929358
003CaOODSP
00520250127092811
006m     o  d f      
007cr mn|||||||||
008231024t20242024quca    ob   f000 0 eng d
020 |a9780660684451
040 |aCaOODSP|beng|erda|cCaOODSP
043 |an-cn---
0861 |aEn14-406/2024E-PDF
24500|aReporting guidance for the wastewater sector to the National Pollutant Release Inventory.
250 |a[2024 edition].
264 1|aGatineau Quebec : |bEnvironment and Climate Change Canada = Environnement et changement climatique Canada, |c[2024]
264 4|c©2024
300 |a1 online resource (ii, 56 pages) : |billustrations
336 |atext|btxt|2rdacontent
337 |acomputer|bc|2rdamedia
338 |aonline resource|bcr|2rdacarrier
500 |aIssued also in French under title: Guide de déclaration à l'Inventaire national des rejets polluants à l'intention du secteur des eaux usées.
500 |a"EC23064"--Verso of cover.
504 |aIncludes bibliographical references (pages 47-48).
520 |a"The National Pollutant Release Inventory (NPRI), a federal program created in 1992, is the only nation-wide, publicly accessible inventory that provides information on pollutants released to the environment, disposed of, and transferred for recycling. Some of these substances are manufactured, processed or used by municipal wastewater facilities and result in potential discharges to the environment. Under the authority of subsection 46(1) of the Canadian Environmental Protection Act, 1999 (CEPA 1999), the discharges of NPRI substances from wastewater facilities are required to be reported to the NPRI. This Guide was developed to help wastewater facility operators/managers understand the NPRI reporting requirements and how they should report. This will improve the quality of reporting, and the accuracy of information provided. This Guide is intended to be equally useful to both small and large wastewater facilities. …"--Introduction, page i.
650 0|aPollutants|xReporting|zCanada.
650 0|aSewage disposal plants|xEnvironmental aspects|zCanada.
650 0|aSewage disposal|xEnvironmental aspects|zCanada.
7101 |aCanada. |bEnvironment and Climate Change Canada, |eissuing body.
77508|tGuide de déclaration à l'Inventaire national des rejets polluants à l'intention du secteur des eaux usées.|w(CaOODSP)9.929359
795 |tReporting guidance for the wastewater sector to the National Pollutant Release Inventory.|b(2020)|w(CaOODSP)9.885095
85640|qPDF|s1.11 MB|uhttps://publications.gc.ca/collections/collection_2025/eccc/En14-406-2024-eng.pdf
986 |aEC23064